|
|
|
|
| LEADER |
00886nam a2200253 a 4500 |
| 001 |
c000189443 |
| 003 |
CARM |
| 005 |
20051212102918.0 |
| 008 |
720314s1972 nyua b 001 0 eng |
| 019 |
1 |
|
|a 41358172
|5 LACONCORD2021
|
| 020 |
|
|
|a 0070296049
|
| 035 |
|
|
|a (OCoLC)225015361
|5 LACONCORD2021
|
| 040 |
|
|
|a VCAV
|c VCAV
|
| 082 |
0 |
4 |
|a 536/.2
|2 20
|
| 100 |
1 |
|
|a Holman, J. P.
|q (Jack Philip)
|
| 245 |
1 |
0 |
|a Review and problem sessions to accompany heat transfer /
|c J.P. Holman.
|
| 246 |
3 |
3 |
|a Hear transfer
|
| 250 |
|
|
|a 3d ed.
|
| 260 |
|
|
|a New York :
|b McGraw-Hill,
|c [c1972].
|
| 300 |
|
|
|a 81 p. :
|b ill. ;
|c 23 cm.
|
| 650 |
|
0 |
|a Heat
|x Transmission.
|
| 852 |
8 |
|
|b CARM
|h A2:AM14C0
|i F00499
|p 0272150
|f BK
|
| 999 |
f |
f |
|i 52aab937-1cbf-530d-b6c9-2851bd4aaf82
|s 147c1652-ff9c-5c42-9c2f-3706ef348e27
|
| 952 |
f |
f |
|p Can circulate
|a CAVAL
|b CAVAL
|c CAVAL
|d CARM 1 Store
|e F00499
|f A2:AM14C0
|h Other scheme
|i book
|m 0272150
|